[Event "SUI-chT"]
[Site "Switzerland"]
[Date "2002.06.02"]
[Round "4.1"]
[White "Prusikin, Michael"]
[Black "Milov, Vadim"]
[Result "1-0"]
[WhiteElo "2519"]
[BlackElo "2626"]
[PlyCount "123"]
[EventDate "2002.03.03"]
[EventType "team-tourn"]
[EventRounds "9"]
[EventCountry "SUI"]
[SourceTitle "EXT 2003"]
[Source "ChessBase"]
[SourceDate "2002.11.25"]
[SourceVersion "1"]
[SourceVersionDate "2002.11.25"]
[SourceQuality "1"]
[WhiteTeam "Wollishofen"]
[BlackTeam "Biel"]
[WhiteTeamCountry "SUI"]
[BlackTeamCountry "SUI"]

1. d4 Nf6 2. Nf3 d5 3. c4 e6 4. g3 dxc4 5. Bg2 Nc6 6. O-O Rb8 7. Nc3 a6 8. e4
Nb4 9. Ne5 Be7 10. Nxc4 O-O 11. Bf4 Bd7 12. Rc1 Ne8 13. a3 Nc6 14. d5 exd5 15.
Nxd5 Be6 16. e5 Bc5 17. Na5 Nxa5 18. Rxc5 c6 19. Ne3 Nb3 20. Rc3 Qxd1 21. Rxd1
Nc7 22. Rdd3 Na1 23. Rd1 Nb3 24. Rdd3 Na1 25. b4 h6 26. h4 Rfd8 27. a4 Rxd3 28.
Rxd3 Nb3 29. Rxb3 Bxb3 30. e6 fxe6 31. Bxc7 Rc8 32. Bb6 Bxa4 33. Nc4 Re8 34.
Bh3 Bb3 35. Ne5 Ra8 36. Nd7 Bd5 37. f4 Kf7 38. Kf2 Ke7 39. Ne5 Kd6 40. Bf1 a5
41. bxa5 c5 42. Nc4+ Kc6 43. Ne5+ Kd6 44. Ke3 Rc8 45. Bb5 Bg2 46. Nc4+ Ke7 47.
Kd2 Bd5 48. Kc3 Kf6 49. Nd6 Rg8 50. Bxc5 e5 51. Bc4 Bxc4 52. Kxc4 exf4 53. gxf4
g5 54. fxg5+ hxg5 55. hxg5+ Ke6 56. Nxb7 Rxg5 57. a6 Kd7 58. a7 Rg8 59. Kb5 Kc7
60. Na5 Rh8 61. Bb6+ Kd7 62. Ka6 1-0

[Event "Bundesliga 0203"]
[Site "Germany"]
[Date "2002.10.20"]
[Round "2.1"]
[White "Prusikin, Michael"]
[Black "Ftacnik, Lubomir"]
[Result "1-0"]
[WhiteElo "2504"]
[BlackElo "2603"]
[Annotator "Prusikin,M"]
[PlyCount "63"]
[EventDate "2002.10.19"]
[EventType "team-tourn"]
[EventRounds "15"]
[EventCountry "GER"]
[SourceTitle "EXT 2014"]
[Source "ChessBase"]
[SourceDate "2013.11.20"]
[SourceVersion "1"]
[SourceVersionDate "2013.11.20"]
[SourceQuality "1"]
[WhiteTeam "Forchheim"]
[BlackTeam "Hamburger SK"]
[WhiteTeamCountry "GER"]
[BlackTeamCountry "GER"]

1. d4 Nf6 2. c4 g6 3. Nc3 d5 4. cxd5 Nxd5 5. e4 Nxc3 6. bxc3 Bg7 7. Bc4 Nc6 {
Keine Ahnung, warum Ftacnik, der als einer der größten Grünfeld-Experten
weltweit gilt, auf Hauptvarianten verzichtet, zumal ich 2002 über praktisch
gar kein Eröffnungsrepertoire verfügte.} 8. Ne2 e5 9. Be3 O-O 10. O-O Qe7 11.
Qc2 Na5 12. Bd3 b6 $1 (12... exd4 13. cxd4 c5 14. dxc5 Bxa1 15. Rxa1 {kann für
Schwarz natürlich nicht gefallen, während er nach}) (12... c5 13. dxc5 Be6 14.
f4 Nc4 15. Bf2 f6 16. f5 Bf7 17. Ng3 {in der Partie Sakaev-Hracek (2001)
ebenfalls nicht gut ausgesehen hat}) 13. Rab1 $1 $146 {Stellt sich auf das
kommende c7-c5 ein. Eine Vorgängerpartie sah} (13. f4 c5 $1 14. dxc5 bxc5 15.
Qa4 Rd8 16. Rad1 c4 {mit Vorteil für Schwarz}) 13... f5 $1 {Flexibel und stark!
} (13... c5 $6 14. dxc5 bxc5 15. c4 Nc6 16. Nc3 Nd4 17. Nd5 Qd6 18. Qc3 $14)
14. exf5 Bxf5 15. Bxf5 Rxf5 16. Ng3 Rf7 17. Rbe1 Rd8 {Hier hätte Schwarz Zeit
gehabt, den Sa5 bequem ins Spiel zu bringen} (17... Nc4 $5) 18. Ne4 $1 {
Wenn Weiß überhaupt etwas hat, dann muss er schnell sein und Drohungen gegen
den schwarzen König schaffen, bevor der Sa5 zurück ins Spiel findet, das ist
das bestimmende Thema der nächsten Züge} Qd7 $1 19. dxe5 $1 Bxe5 20. Rd1 Qe8
21. Rxd8 Qxd8 22. Ng5 ({Stark sieht der Computervorschlag} 22. Rd1 $5 Rd7 23.
Re1 $3 {aus, weil jetzt} Nc4 $4 {an} 24. Qb3 $18 {scheitert}) 22... Rd7 (22...
Re7 23. h4 $14) 23. h4 Qf6 $6 (23... Qe8 $1) 24. Qe4 Re7 $2 {Verliert etwas
überraschend forciert.} (24... Qe7 25. Qa8+ Qd8 26. Qxa7 Bxc3 27. Bf4 Re7 28.
Rc1 c6 29. Qa6 Be5 30. Be3 $1 Bc7 31. Nf3 $14 {Die strategischen Vorzeichen
bleiben unverändert: die schwarze Königsstellung ist immer noch geschwächt,
der Sa5 kommt immer noch nicht ins Spiel.}) 25. Qa8+ $1 Kg7 26. Nf3 $1 Qc6 $8 (
26... c5 27. Bg5 $18) (26... h6 27. Nxe5 $18) 27. Bh6+ $1 Kxh6 28. Qf8+ Rg7 29.
Nxe5 Qe6 (29... Qe4 30. Nf7+ $18) 30. Qf4+ g5 31. hxg5+ Rxg5 32. Nf7+ 1-0

[Event "SUI-chT"]
[Site "Switzerland"]
[Date "2004.11.06"]
[Round "8.1"]
[White "Prusikin, Michael"]
[Black "Milov, Vadim"]
[Result "1-0"]
[WhiteElo "2519"]
[BlackElo "2632"]
[PlyCount "129"]
[EventDate "2004.02.29"]
[EventType "team-tourn"]
[EventRounds "9"]
[EventCountry "SUI"]
[SourceTitle "EXT 2006"]
[Source "ChessBase"]
[SourceDate "2005.11.24"]
[SourceVersion "1"]
[SourceVersionDate "2005.11.24"]
[SourceQuality "1"]
[WhiteTeam "Wollishofen"]
[BlackTeam "Biel"]
[WhiteTeamCountry "SUI"]
[BlackTeamCountry "SUI"]

1. d4 Nf6 2. c4 e6 3. g3 d5 4. Nf3 a6 5. Bg2 dxc4 6. O-O Nc6 7. Nc3 Rb8 8. e4
Be7 9. Qe2 b5 10. Rd1 Nb4 11. Ne1 O-O 12. a3 Nc6 13. d5 exd5 14. e5 Bg4 15. Nf3
Re8 16. exf6 Bxf6 17. Qf1 d4 18. Bf4 Na5 19. h3 Bf5 20. g4 Bd3 21. Rxd3 cxd3
22. Na2 Rc8 23. g5 Be7 24. b4 Nc4 25. Qxd3 Bd6 26. Bxd6 Qxd6 27. Qxd4 Nxa3 28.
Rc1 Nc4 29. Qxd6 cxd6 30. Nd4 Ne5 31. Rd1 g6 32. Bd5 Kg7 33. Kg2 Nc4 34. h4 Rc7
35. h5 gxh5 36. Nc1 Nb2 37. Rd2 Rxc1 38. Rxb2 Re5 39. Bb7 Rxg5+ 40. Kh2 Rc4 41.
f4 Rg6 42. Ne2 d5 43. Bxd5 Rc7 44. Ng3 Kf8 45. Be4 Rf6 46. f5 Rc4 47. Kh3 Rd6
48. Kh4 Rdd4 49. Re2 Rxb4 50. Kxh5 Rb3 51. Kg4 a5 52. f6 Rd6 53. Nh5 a4 54. Rc2
Rd8 55. Bd5 Rb4+ 56. Nf4 Kg8 57. Kf5 a3 58. Bxf7+ Kxf7 59. Rc7+ Kg8 60. f7+ Kh8
61. Ne6 Rg8 62. fxg8=Q+ Kxg8 63. Kf6 h5 64. Rc8+ Kh7 65. Ng5+ 1-0

[Event "EU-ch 6th"]
[Site "Warsaw"]
[Date "2005.06.19"]
[Round "2"]
[White "Prusikin, Michael"]
[Black "Filippov, Valerij"]
[Result "1-0"]
[WhiteElo "2540"]
[BlackElo "2621"]
[Annotator "Gavrikov,V"]
[PlyCount "90"]
[EventDate "2005.06.18"]
[EventType "swiss"]
[EventRounds "13"]
[EventCountry "POL"]
[SourceTitle "CBM 108"]
[Source "ChessBase"]
[SourceDate "2005.09.26"]
[SourceVersion "1"]
[SourceVersionDate "2005.09.26"]
[SourceQuality "1"]

1. d4 d5 2. c4 e6 3. Nc3 Bb4 4. Nf3 Nf6 5. e3 O-O 6. Bd3 c5 7. O-O Nc6 8. a3
Bxc3 9. bxc3 Qc7 10. h3 ({White does not want to play the position after} 10.
cxd5 exd5 {and invites Black to take on c4 when h2-h3 can be useful.}) 10...
dxc4 ({Deserves attention} 10... Re8 11. Bb2 Na5 {forcing White to open e-file}
12. cxd5 exd5 13. Nd2 c4 14. Bc2 Bd7 15. Re1 Ne4 16. Nf1 f5 {1-0 Ravi,L-Ooi
Chern Ee/Kuala Lumpur 1996/EXT 98 (44) with blockade.}) 11. Bxc4 e5 12. Ba2 Bf5
({A playable alternative to the more usual continuation} 12... e4 13. Nh2 {
and now Black´s best is} Na5 $1 ({less promising is} 13... Bf5 14. Ng4 Nxg4 15.
hxg4 Bg6 16. a4 Rfd8 17. Qe2 Rd7 18. Ba3 b6 19. Bc4 $5 (19. dxc5 $6 Ne5 $132)
19... Na5 20. Bb5 Rdd8 21. Rad1 $14 {1-0 Knaak,R-Tompa,J/Budapest 1986/EXT
2000 (35)}) 14. f3 (14. Ng4 $2 Nxg4 15. hxg4 b6 16. f3 Ba6 17. Rf2 Bd3 18. fxe4
Bxe4 19. c4 Qg3 20. Qd2 Qxg4 21. Bb2 Rad8 22. Rf4 Qg6 23. d5 Nb7 $17 {1-0
Milov,V-Johannessen,L/Torshavn 2000/CBM 078 ext (41)}) 14... b6 $1 (14... c4
15. Bb1 Re8 16. Ra2 Bf5 $5 17. Rb2 (17. g4 Bg6 18. f4 h6 (18... Nd5 19. f5 Nxc3
20. Qe1 Nxa2 21. fxg6 hxg6 22. Bxa2 $13) 19. Rg2 Nd5) 17... Bg6 18. f4 Bf5 19.
Rb5 Bd7 20. Re5 Bc6 21. Ng4 Nxg4 22. Qxg4 f6 $15 {0-1 Comp Zugzwang-Luther,T/
Lippstadt 1997/CBM 059 ext (46)}) 15. Qe2 Be6 $5 (15... Nh5 $5) 16. Bxe6 (16.
Ng4 $6 Nxg4 17. fxg4 Qc6 18. Qd1 Rad8 19. a4 Nc4 $17 {1-0 Sturua,Z-Tiviakov,S/
Bugojno 1999/CBM 074 (45)}) 16... fxe6 17. Bd2 e5 $132 {1/2-1/2 Nadanian,
A-Mochalov,E/Minsk 1997/EXT 2000 (30)}) 13. d5 ({White can also close the
centre after moves} 13. Nh4 Bd7 {-} 14. d5 Na5 15. c4 Ne4 16. Bb2 Rae8 17. Nf3
f6 18. Nd2 Nd6 19. e4 b6 20. Qc2 Nf7 21. Bc3 Nb7 $11 {0-1 Kantsler,B-Goldin,A/
Rishon Le Ziyyon 1998/CBM 062 ext (54)}) 13... Rad8 14. Qe2 ({Perhaps more
precise is} 14. c4 {, e.g.} Ne7 15. Bb2 Ng6 16. Nh2 Rfe8 (16... Ne8) 17. f3 Re7
18. g4 Bc8 19. Qe1 Ne8 20. h4 Nd6 21. h5 Nf8 22. Qg3 f6 $13 {0-1 Raisa,
U-Kostro,J/Leipzig 1960/EXT 99 (52)}) 14... e4 $1 $146 {[%mdl 8] A strong
novelty. Black allows to exchange his bishop but gains e5-square for the
knight.} ({Earlier has been seen} 14... Ne7 15. c4 Ng6 16. Bb2 Rfe8 17. Nd2 Rd6
18. f3 Qc8 $5 19. Kh2 (19. g4 Bd7 $13) 19... h5 $1 20. Bb1 (20. g4 hxg4 21.
hxg4 Bxg4 $5 22. fxg4 Nxg4+ 23. Kg1 Nh4 $1 24. Nf3 (24. Bb1 Nxe3) 24... Nf5 $44
) 20... h4 $11 {0-1 Simagin,V-Khasin,A/Tallinn 1965/URS-ch (64)}) 15. Nh4 Ne7
16. Nxf5 Nxf5 17. c4 Nd7 18. Bb2 Nd6 19. Qg4 $6 {The waste of time.} ({However
it is not easy to suggest a reasonable alternative because after} 19. f4 exf3
20. gxf3 Rde8 ({not} 20... Nf5 $6 21. Qg2 f6 22. Rae1 Rde8 23. e4 Nd4 24. f4)
21. e4 f6 22. Rae1 Rf7 {followed by Rfe7 White has to reckon with the constant
possibility that Black can play f6-f5 or Nd7-e5.}) 19... f6 20. Rac1 Rde8 21.
Rc2 Ne5 22. Qg3 $2 {Here the queen is misplaced leaving White without any
active possibilities.} (22. Qe2 $8) 22... Re7 23. Kh1 g5 $1 {Black continues
to reinforce his position.} 24. Qh2 Rff7 25. Ba1 h5 26. Rcc1 ({Naturally not} 
26. f4 $2 exf3 27. gxf3 Nf5 28. Rc3 h4 29. Kg2 Ng3 30. Rf2 f5 $19) 26... h4 27.
Bb3 Qd7 28. a4 Rg7 29. Bd1 Rg6 ({Premature is} 29... Ndxc4 $6 30. Bxe5 ({or} 
30. Rxc4 Nxc4 31. Bxf6 Nd2 32. Re1 Qxd5 33. Qb8+ Kh7 34. Bxe7 Rxe7 35. Bh5 $13)
30... Nxe5 31. Rxc5 Qd6 32. Rc8+ Kh7 33. Bg4 Qxd5 34. Bf5+ Ng6 35. g4 $44) 30.
Be2 {White is ready to sacrifice the material hoping to activate his pieces.}
Qxa4 31. Bg4 Nexc4 32. Be2 (32. Be6+ Kh7 33. f4 {is not good on account of}
exf3 34. Rxf3 Ne4 $1 35. Bf5 Ncd2 $1) 32... Ne5 $5 (32... b5 $2 33. Bxc4 Nxc4
34. Qb8+ Kf7 35. Qc8 $132) (32... Kh7 $5 $17) 33. Rxc5 (33. Bxe5 Rxe5 34. Rxc5
Qb4 35. Rfc1 Rg7 36. Bg4 Rge7 $17) 33... Rgg7 $2 {Spoiling the advantage.} ({
Instead} 33... Qa2 $1 34. Bg4 b6 35. Bxe5 fxe5 36. Rcc1 Qxd5 37. Rfd1 Qb5 {
leaves White with two pawns down.}) 34. Rfc1 (34. Bg4 $6 {allows} Qa6 $1 35.
Rd1 Nxg4 36. hxg4 Rgf7 $17) 34... Qe8 $2 {A terrible blunder in not the most
complicated position...} ({Black had a choice between} 34... b6 35. Rc6 Qa3 (
35... Nxc6 $2 36. Qxd6 Ne5 37. Qxf6 $18) 36. Bxe5 Rxe5 37. Bg4 Kh7 38. Be6 Nb7
39. R1c3 Qa1+ (39... Qa4 $4 40. Qxe5 $1 fxe5 41. Bf5+ Kh8 42. Rh6+ Kg8 43. Rc8+
Kf7 (43... Nd8 44. Rxd8+ Kf7 45. Rc6 $1 $18 {[%cal Gd8d7]}) 44. Rc7+ Kf8 45.
Rf6+ $18) 40. Rc1 Qa3 {with repetition of moves}) ({and} 34... Qa2 35. Bg4 Qxf2
36. Be6+ Kh7 37. Bxe5 fxe5 38. Qxe5 Qg3 39. Bf5+ Nxf5 40. Qxf5+ Rg6 {when
White has sufficient compensation for the pawn.}) 35. Bg4 $1 {White utilises
the undefended knight on d6 to threaten Rc8 and Be6+.} Kh7 (35... Nxg4 $2 36.
Qxd6 Nxf2+ 37. Kg1 Nd3 38. Rc8 Nxc1 39. Rxe8+ Rxe8 40. Qxf6 $18) 36. Be6 {
The knight on e5 collapses.} b6 $2 {This is the final mistake.} ({The only
defence was} 36... Qd8 37. Bxe5 fxe5 38. Qxe5 Rg6 $16 {avoiding immediate loss.
}) 37. Bxe5 fxe5 38. Rc6 $18 Rxe6 39. dxe6 Qxe6 40. Rd1 Rd7 41. Qg1 Qe7 42. Rd5
Nb7 43. Qd1 Rxd5 44. Qxd5 Nc5 45. Rc8 Qf6 (45... Qf6 46. Qg8+ Kh6 47. Rc7 $18)
1-0

[Event "EU-ch 6th"]
[Site "Warsaw"]
[Date "2005.06.23"]
[Round "6"]
[White "Aleksandrov, Aleksej"]
[Black "Prusikin, Michael"]
[Result "0-1"]
[WhiteElo "2635"]
[BlackElo "2540"]
[Annotator "Prusikin,M"]
[PlyCount "82"]
[EventDate "2005.06.18"]
[EventType "swiss"]
[EventRounds "13"]
[EventCountry "POL"]
[SourceTitle "EXT 2015"]
[Source "ChessBase"]
[SourceDate "2014.11.20"]
[SourceVersion "1"]
[SourceVersionDate "2014.11.20"]
[SourceQuality "1"]

1. d4 Nf6 2. c4 e6 3. Nc3 Bb4 4. e3 O-O 5. Nge2 {Damit ist kein
Eröffnungsvorteil zu holen.} d5 6. a3 Bd6 7. cxd5 (7. c5 Be7 8. b4 b6 9. Nf4 a5
10. Bd2 c6 11. Be2 Ba6 $11) 7... exd5 8. g3 Re8 9. Bg2 c6 10. Qc2 $5 $146 Bg4
$6 (10... g6 $1 {wäre die richtige (und naheliegende!) Reaktion auf die weiße
Neuerung gewesen.} 11. f3 (11. O-O Bf5) 11... c5 12. Nb5 Bf5) 11. O-O Bh5 12.
b4 $2 {Ein grober positioneller Fehler. Weiß möchte c6-c5 unterbinden, bevor
er sich seinem eigentlich Plan, der Vorbereitung von f3-e4, zuwendet, aber die
Nachteile des Textzuges (Schächung des Feldes c4, Verlust der Kontrolle über
die Diagonale h7-b1) überwiegen deutlich.} (12. Nf4 $1 Bxf4 13. exf4 Qd7 14. f3
Bg6 15. Qf2 Na6 16. g4 Bd3 17. Rd1 Bc4 18. f5 $14) 12... Bg6 13. Qb3 a6 14. f3
Nbd7 15. Na4 {Vielleicht hätte Weiß das Spiel forcieren sollen, um dem
ungünstigen strategischen Trend entgegenzuwirken:} (15. e4 $5 dxe4 16. fxe4
Nxe4 17. Nxe4 Bxe4 18. Bxe4 Rxe4 19. Rxf7 Kh8 $15) 15... Qc7 16. Bd2 (16. Nf4
$5) 16... b5 17. Nc5 Nb6 18. Rae1 Nc4 19. Bc1 a5 20. Nc3 $2 (20. Nf4) 20...
axb4 21. axb4 {Diagramm [#]} Rad8 $3 {Ein schöner Prophylaxezug. Durch den
indirekten Angriff auf den Bauern d4 wird die Drohung e3-e4 entkräftet.} 22.
Kh1 (22. e4 Bxc5 23. dxc5 dxe4 24. Nxe4 Nxe4 25. fxe4 Qe5 $17) 22... h5 $1 {
Die Drohung h5-h4 zwingt Weiß dazu, das inzwischen nicht mehr so
erstrebenswerte e3-e4 doch zu spielen.} 23. e4 dxe4 24. fxe4 Bxc5 25. dxc5 Nd2
26. Bxd2 Rxd2 $19 27. Nb1 Rd4 28. Qb2 Rdd8 29. e5 Ng4 30. e6 Rxe6 31. Rxe6 fxe6
32. Qb3 Qe5 33. Qf3 Be4 $1 34. Qf7+ (34. Qxe4 Nf2+ 35. Rxf2 Rd1+ $19) 34... Kh7
35. Bxe4+ Qxe4+ 36. Kg1 Qd4+ 37. Kh1 Qe4+ 38. Kg1 Rd5 39. h3 Ne3 40. Qf3 Qd4
41. Rf2 Nd1 0-1

[Event "EU-ch 6th"]
[Site "Warsaw"]
[Date "2005.06.30"]
[Round "12"]
[White "Prusikin, Michael"]
[Black "Fressinet, Laurent"]
[Result "1-0"]
[WhiteElo "2540"]
[BlackElo "2638"]
[Annotator "Prusikin,M"]
[PlyCount "99"]
[EventDate "2005.06.18"]
[EventType "swiss"]
[EventRounds "13"]
[EventCountry "POL"]
[SourceTitle "EXT 2016"]
[Source "ChessBase"]
[SourceDate "2015.10.08"]
[SourceVersion "1"]
[SourceVersionDate "2015.10.08"]
[SourceQuality "1"]

{Die vorliegende Partie wurde im vorletzten Durchgang gespielt und hatte eine
hohe sportliche Bedeutung, denn der nur der Sieger behielt eine Chance, sich
mit einem weiteren Sieg in der letzten Runde einen der begehrten
Qualifikationsplätze für den Weltcup zu sichern.} 1. d4 d5 2. c4 c6 3. e3 Nf6
4. Nc3 e6 5. Nf3 Nbd7 6. Qc2 Bd6 7. Bd3 O-O 8. O-O dxc4 9. Bxc4 b5 10. Bd3 Bb7
11. a3 {Diese Variante, die damals erst kürzlich in Mode kam, habe ich extra
für diese Partie vorbereitet.} Re8 {ein seltener Zug.} (11... a6) (11... a5) (
11... Rc8) (11... Qe7) (11... h6) 12. Rd1 $146 (12. h3 {1-0 (42) Giorgadze,
G-Piket,J (2605) BIH 1998}) 12... Qe7 13. e4 $6 (13. Ng5 $1 {ein typisches
Bauernopfer in diesem Stellungtyp} Bxh2+ 14. Kxh2 Ng4+ 15. Kg1 Qxg5 16. f3 Ngf6
(16... Nxe3 17. Qe2 $18) 17. e4 Qh4 18. Be3 e5 19. Ne2 $14) 13... e5 14. Ne2 c5
$1 ({Auch} 14... a6 {mit der Idee c6-c5, sieht stark aus.}) 15. dxc5 Bxc5 $6 (
15... Nxc5 16. Ng3 $11) 16. Ng3 a6 17. Qe2 g6 18. Bg5 Nf8 19. b4 Bb6 20. Be3
N6d7 21. Bc2 $1 {Prophylaxe gegen 21...Nf8-e6, gleichzeitig wird die
Läuferstellung verbessert.} Rec8 (21... Ne6 $4 22. Rxd7 $18) (21... Bxe3 22.
Qxe3 a5 23. Rab1 axb4 24. axb4 Ne6 25. Bb3 $14) 22. Bb3 $14 Rc3 23. Rd3 Rac8 $6
(23... Rxd3 24. Qxd3 Kg7 25. Rc1 Rd8 $14) 24. Rad1 Rxd3 25. Qxd3 Kg7 $6 (25...
Bxe3 26. Qxe3 Kg7 (26... Ne6 27. Qh6 $16) 27. Ng5 Ne6 $8 (27... f6 28. Nf7 $18)
28. Nxe6+ fxe6 29. h4 $16) 26. Bg5 $1 $18 Qe8 (26... f6 27. Nh4 $18) 27. Nh4 $1
Kh8 28. Nhf5 (28. Qf3 $18) 28... gxf5 29. Nxf5 Rc6 $8 30. Qg3 $3 Ng6 (30... Rg6
31. Nd6 Rxd6 32. Rxd6 Bc7 33. Rf6 $1 Ne6 34. Bxe6 fxe6 35. Bh6 Qg8 36. Rxe6 $1
Qxg3 37. hxg3 Kg8 38. Re7 Bc6 39. Re8+ Kf7 40. Rc8 $18) 31. Nh6 Nf4 $1 32. Kh1
{Gut genug.} (32. Qg4 $1 $18) 32... Rxh6 33. Bxh6 Ng6 34. Qf3 $1 Bd4 (34... Kg8
35. Rxd7 Qxd7 36. Qf6 $18) 35. Bxf7 Qe7 36. Bb3 Nf6 37. Bg5 Kg7 38. Rc1 Bb6 39.
Bd5 $1 Nxd5 (39... Bxd5 40. exd5 Bd8 41. Rc6 $18) 40. Bxe7 Ndxe7 41. Qg4 Kf7 (
41... Bxf2 42. Rc7 $18) 42. f3 $18 Bc6 43. Qh3 Be8 44. Qxh7+ Kf6 45. h4 Nf4 46.
Rd1 Ke6 47. Qh6+ Bg6 48. g3 Ne2 49. Kg2 Nc3 50. Rd3 1-0

[Event "BL2-Ost 0506"]
[Site "Germany"]
[Date "2006.03.12"]
[Round "8.2"]
[White "Prusikin, Michael"]
[Black "Votava, Jan"]
[Result "1-0"]
[WhiteElo "2564"]
[BlackElo "2545"]
[PlyCount "135"]
[EventDate "2005.10.23"]
[EventType "team-tourn"]
[EventRounds "9"]
[EventCountry "GER"]
[SourceTitle "EXT 2007"]
[Source "ChessBase"]
[SourceDate "2006.11.23"]
[SourceVersion "1"]
[SourceVersionDate "2006.11.23"]
[SourceQuality "1"]
[WhiteTeam "Bindlach"]
[BlackTeam "Erfurt"]
[WhiteTeamCountry "GER"]
[BlackTeamCountry "GER"]

1. d4 Nf6 2. c4 g6 3. Nc3 d5 4. Bg5 Ne4 5. Bh4 Bg7 6. cxd5 Nxc3 7. bxc3 Qxd5 8.
e3 Qa5 9. Qb3 Be6 10. Bc4 Bxc4 11. Qxc4 Nd7 12. Nf3 c6 13. O-O Nb6 14. Qb3 Bf6
15. Bxf6 exf6 16. a4 O-O 17. Rfb1 Rab8 18. Qb4 Qf5 19. a5 Nd5 20. Qc5 b6 21.
axb6 axb6 22. Qxc6 Rfc8 23. Qd6 Qe6 24. Qxe6 fxe6 25. Ra6 Rxc3 26. h4 Rc6 27.
g4 Nc7 28. Ra7 b5 29. g5 Nd5 30. Rb2 fxg5 31. hxg5 b4 32. Nd2 Rc7 33. Rxc7 Nxc7
34. Nb3 Kf7 35. Ra2 Ke7 36. Kf1 Kd6 37. Ke2 e5 38. dxe5+ Kxe5 39. Ra7 Kd6 40.
Kd3 Rc8 41. Nd4 Re8 42. Kc4 Re5 43. Kxb4 Nd5+ 44. Kc4 Rxg5 45. Rxh7 Nf6 46. Rf7
Ng4 47. Rf4 Ne5+ 48. Kc3 Rg1 49. Rf6+ Kd5 50. Ne2 Rg4 51. Nf4+ Ke4 52. Re6 Kf5
53. Re8 Nd7 54. Re7 Nf6 55. Rf7 Ke5 56. Kd2 g5 57. Nd3+ Ke6 58. Ra7 Rh4 59. Ke2
Rh8 60. Ra6+ Kf5 61. Ra5+ Kg6 62. Ne5+ Kh5 63. Nf7 Rg8 64. f4 Rb8 65. Rxg5+ Kh4
66. Kf3 Rb1 67. Ne5 Rf1+ 68. Kg2 1-0

[Event "Bundesliga 0607"]
[Site "Germany"]
[Date "2007.04.01"]
[Round "15.3"]
[White "Khenkin, Igor"]
[Black "Prusikin, Michael"]
[Result "0-1"]
[WhiteElo "2611"]
[BlackElo "2571"]
[PlyCount "78"]
[EventDate "2006.10.28"]
[EventType "team-tourn"]
[EventRounds "15"]
[EventCountry "GER"]
[SourceTitle "CBM 118"]
[Source "ChessBase"]
[SourceDate "2007.05.31"]
[SourceVersion "1"]
[SourceVersionDate "2007.05.31"]
[SourceQuality "1"]
[WhiteTeam "Tegernsee"]
[BlackTeam "Bindlach"]
[WhiteTeamCountry "GER"]
[BlackTeamCountry "GER"]

1. d4 Nf6 2. Nf3 e6 3. c4 d5 4. Nc3 Bb4 5. cxd5 exd5 6. Bg5 h6 7. Bh4 g5 8. Bg3
Ne4 9. Nd2 Nxg3 10. hxg3 c6 11. a3 Bd6 12. e4 dxe4 13. Ndxe4 Be6 14. d5 cxd5
15. Qd4 Ke7 16. Nxd5+ Bxd5 17. Qf6+ Kd7 18. Qxd6+ Kc8 19. Qc5+ Bc6 20. Nd6+ Kc7
21. Nb5+ Kc8 22. Nd6+ Kc7 23. O-O-O Nd7 24. Nb5+ Kb8 25. Qd6+ Kc8 26. Rxh6 Rxh6
27. Qxh6 f6 28. Qh7 Qf8 29. Nd6+ Kc7 30. Bb5 Rd8 31. Bxc6 bxc6 32. Ne4 Kc8 33.
Qf5 Qe7 34. Rd6 Kb8 35. Re6 Qf7 36. Nxf6 Nc5 37. Re1 Nd3+ 38. Kd2 Nxe1+ 39.
Kxe1 Rd6 0-1

[Event "GER-ch 78th"]
[Site "Bad Koenigshofen"]
[Date "2007.01.25"]
[Round "7"]
[White "Baramidze, David"]
[Black "Prusikin, Michael"]
[Result "0-1"]
[WhiteElo "2551"]
[BlackElo "2571"]
[PlyCount "78"]
[EventDate "2007.01.19"]
[EventType "swiss"]
[EventRounds "9"]
[EventCountry "GER"]
[SourceTitle "CBM 116 Extra"]
[Source "ChessBase"]
[SourceDate "2007.03.07"]
[SourceVersion "1"]
[SourceVersionDate "2007.03.07"]
[SourceQuality "1"]

1. e4 e6 2. d4 d5 3. Nc3 Nf6 4. e5 Nfd7 5. Nce2 c5 6. c3 Nc6 7. f4 Be7 8. Nf3
O-O 9. a3 a5 10. g3 cxd4 11. cxd4 f6 12. Bh3 fxe5 13. dxe5 Qb6 14. Bxe6+ Kh8
15. Qxd5 Nc5 16. Bxc8 Rd8 17. Qxd8+ Qxd8 18. Bf5 Nd3+ 19. Kf1 Ndxe5 20. Kg2
Nxf3 21. Kxf3 Qd5+ 22. Be4 Qh5+ 23. g4 Qh3+ 24. Ng3 Nd4+ 25. Kf2 Qxg4 26. Be3
Bh4 27. Rae1 Nf5 28. Bxf5 Qxf5 29. Re2 Qh3 30. Rg1 Qxh2+ 31. Kf3 Qh3 32. Bf2 h5
33. Re5 Qg4+ 34. Kg2 Bxg3 35. Bxg3 h4 36. Rg5 Qe2+ 37. Bf2 Rc8 38. Re1 Qxb2 39.
Kg1 Rc1 0-1

[Event "SUI-chT"]
[Site "Switzerland"]
[Date "2007.09.29"]
[Round "8.1"]
[White "Prusikin, Michael"]
[Black "Jussupow, Artur"]
[Result "1-0"]
[WhiteElo "2533"]
[BlackElo "2607"]
[PlyCount "51"]
[EventDate "2007.02.25"]
[EventType "team-tourn"]
[EventRounds "9"]
[EventCountry "SUI"]
[SourceTitle "EXT 2008"]
[Source "ChessBase"]
[SourceDate "2007.11.25"]
[SourceVersion "1"]
[SourceVersionDate "2007.11.25"]
[SourceQuality "1"]
[WhiteTeam "Wollishofen"]
[BlackTeam "Winterthur"]
[WhiteTeamCountry "SUI"]
[BlackTeamCountry "SUI"]

1. Nf3 d5 2. d4 c6 3. c4 Nf6 4. Nc3 e6 5. e3 Nbd7 6. Qc2 Bd6 7. Bd3 O-O 8. O-O
h6 9. Rd1 Qe7 10. c5 Bb8 11. e4 e5 12. exd5 cxd5 13. Re1 Qd8 14. dxe5 Ng4 15.
Bf4 Nxc5 16. Bh7+ Kh8 17. Rad1 g6 18. Nxd5 b6 19. h3 Kxh7 20. hxg4 Bxg4 21.
Nf6+ Qxf6 22. exf6 Bxf4 23. Rd4 Bf5 24. Qd1 g5 25. g3 Bc7 26. Nxg5+ 1-0